| 000 | 00927nam a2200265Ia 4500 | ||
|---|---|---|---|
| 003 | OSt | ||
| 005 | 20220926015126.0 | ||
| 006 | a|||||r|||| 00| 0 | ||
| 007 | ta | ||
| 008 | 220923b |||||||| |||| 00| 0 eng d | ||
| 037 | _cGeneral Book | ||
| 040 |
_aRTL _cRTL _beng |
||
| 041 |
_2eng _aeng |
||
| 082 | _aV1:1954, K4 | ||
| 100 |
_aHenkin Louis _9119371 |
||
| 245 | 0 |
_aDisarmament _bCase studies on The Role of law in the Serttement of International Disputes .proceedings The4th Hammardkjold Forum |
|
| 260 |
_aNew York _bOceana Publications USA _c1964 |
||
| 300 |
_a98P. _ccm. |
||
| 490 | _aThe 4th Hammarskjold Forum. Association of the Bar of the city of the New York,Edi.Louis Henkin | ||
| 500 | _aBibliography:P79-94; Appendices:P69-77 | ||
| 650 | _a History | ||
| 650 |
_aForeign Policy-World _9232882 |
||
| 942 |
_hV1:1954, K4 _cGB _2CC |
||
| 999 |
_c630604 _d630604 |
||